The Most Used Languages - Statistics

General Stats
  • This quiz has been taken 111 times
    59 since last reset
  • The average score is 8 of 10
Answer Stats
# of Speakers Answer % Correct
1.46 Billion English
100%
569 Million Spanish
100%
1.12 Billion Mandarin
98%
345 Million French
96%
251 Million Russian
90%
269 Million Portuguese
88%
272 Million Arabic
84%
616 Million Hindi
78%
273 Million Bengali
52%
232 Million Urdu
52%
No matching quizzes found
Score Distribution
Percent of People with Each Score
Percentile by Number Answered
Your Score History
You have not taken this quiz since the last reset